|
|
|
|
| LEADER |
04101nam a2200409 a 4500 |
| 001 |
0024498 |
| 003 |
BD-DhAAL |
| 008 |
120215s2006 nyua b 001 0 eng d |
| 010 |
|
|
|a 2006922522
|
| 020 |
|
|
|a 0387310738 (hd.bd.)
|
| 020 |
|
|
|a 9780387310732
|
| 020 |
|
|
|a 9781493938438 (pbk)
|
| 040 |
|
|
|a OHX
|c OHX
|d PU
|d DLC
|d BD-DhAAL
|
| 082 |
0 |
0 |
|a 006.4
|2 22
|
| 100 |
1 |
|
|a Bishop, Christopher M.
|9 58010
|
| 245 |
1 |
0 |
|a Pattern recognition and machine learning /
|c Christopher M. Bishop.
|
| 260 |
|
|
|a New York :
|b Springer,
|c c2006
|g (2009 printing)
|
| 300 |
|
|
|a xx, 738 pages :
|b illustrations (some colors) ;
|c 24 cm
|
| 490 |
|
0 |
|a Information science and statistics
|
| 504 |
|
|
|a Includes bibliographical references (pages 711-728)and index.
|
| 526 |
|
|
|a CSE
|x Annajiat Alim Rasel
Senior Lecturer
Department of Computer Science and Engineering
BRAC University
Course Name : Advanced Syntactic Pattern Recognition (CSE713)
|
| 541 |
|
|
|e 0024498, 44900, 44901, 44902, 44903, 44904, 44905
|a Hye Trade International
|
| 650 |
|
0 |
|a Pattern recognition systems.
|
| 650 |
|
0 |
|a Pattern perception.
|9 59278
|
| 650 |
|
0 |
|a Machine learning.
|
| 650 |
|
0 |
|a Computer science.
|
| 830 |
|
|
|a Information science and statistics.
|9 59566
|
| 852 |
1 |
|
|a Ayesha Abed Library
|c General Stacks
|
| 942 |
|
|
|2 ddc
|c BK
|
| 999 |
|
|
|c 11889
|d 11889
|
| 952 |
|
|
|0 0
|1 0
|4 0
|6 006_400000000000000_BIS
|7 0
|9 19440
|a BRACUL
|b BRACUL
|c GEN
|d 2012-02-16
|e Trim Education
|g 8500.00
|l 22
|m 170
|o 006.4 BIS
|p 3010024498
|q 2025-10-21
|r 2025-02-23
|s 2025-02-23
|t 1
|w 2012-02-16
|y BK
|x Available
|
| 952 |
|
|
|0 0
|1 0
|2 ddc
|4 0
|6 006_400000000000000_BIS
|7 0
|9 78315
|a BRACUL
|b BRACUL
|c CIR
|d 2025-10-08
|e Hye Trade International
|g 6263.00
|l 0
|o 006.4 BIS
|p 3010044901
|r 2025-10-08
|t 3
|v 12526.00
|w 2025-10-08
|y 1HOUR
|x Requisitioned by Annajiat Alim Rasel (Senior Lecturer, Department of Computer Science and Engineering, BRAC University) for the course named- 'Advanced Syntactic Pattern Recognition (CSE713)'; As instructed by the University Librarian, the book has been placed on a one hour loan period following the receipt more than five copies.
|
| 952 |
|
|
|0 0
|1 0
|2 ddc
|4 0
|6 006_400000000000000_BIS
|7 0
|9 78316
|a BRACUL
|b BRACUL
|c GEN
|d 2025-10-08
|e Hye Trade International
|g 6263.00
|l 2
|m 2
|o 006.4 BIS
|p 3010044904
|q 2026-09-08
|r 2026-05-11
|s 2026-05-11
|t 6
|v 12526.00
|w 2025-10-08
|y BK
|x Requisitioned by Annajiat Alim Rasel (Senior Lecturer, Department of Computer Science and Engineering, BRAC University) for the course named- 'Advanced Syntactic Pattern Recognition (CSE713)'.
|
| 952 |
|
|
|0 0
|1 0
|2 ddc
|4 0
|6 006_400000000000000_BIS
|7 0
|9 78317
|a BRACUL
|b BRACUL
|c GEN
|d 2025-10-08
|e Hye Trade International
|g 6263.00
|l 0
|o 006.4 BIS
|p 3010044903
|r 2025-10-08
|t 5
|v 12526.00
|w 2025-10-08
|y BK
|x Requisitioned by Annajiat Alim Rasel (Senior Lecturer, Department of Computer Science and Engineering, BRAC University) for the course named- 'Advanced Syntactic Pattern Recognition (CSE713)'.
|
| 952 |
|
|
|0 0
|1 0
|2 ddc
|4 0
|6 006_400000000000000_BIS
|7 0
|9 78318
|a BRACUL
|b BRACUL
|c GEN
|d 2025-10-08
|e Hye Trade International
|g 6263.00
|l 1
|m 27
|o 006.4 BIS
|p 3010044905
|r 2026-04-29
|s 2025-11-03
|t 7
|v 12526.00
|w 2025-10-08
|y BK
|x Requisitioned by Annajiat Alim Rasel (Senior Lecturer, Department of Computer Science and Engineering, BRAC University) for the course named- 'Advanced Syntactic Pattern Recognition (CSE713)'.
|
| 952 |
|
|
|0 0
|1 0
|2 ddc
|4 0
|6 006_400000000000000_BIS
|7 0
|9 78319
|a BRACUL
|b BRACUL
|c GEN
|d 2025-10-08
|e Hye Trade International
|g 6263.00
|l 1
|m 16
|o 006.4 BIS
|p 3010044902
|r 2026-02-02
|s 2025-10-13
|t 4
|v 12526.00
|w 2025-10-08
|y BK
|x Requisitioned by Annajiat Alim Rasel (Senior Lecturer, Department of Computer Science and Engineering, BRAC University) for the course named- 'Advanced Syntactic Pattern Recognition (CSE713)'.
|
| 952 |
|
|
|0 0
|1 0
|2 ddc
|4 0
|6 006_400000000000000_BIS
|7 0
|9 78320
|a BRACUL
|b BRACUL
|c NEW
|d 2025-10-08
|e Hye Trade International
|g 6263.00
|l 1
|m 6
|o 006.4 BIS
|p 3010044900
|q 2026-05-19
|r 2026-04-06
|s 2026-04-06
|t 2
|v 12526.00
|w 2025-10-08
|y BK
|x Requisitioned by Annajiat Alim Rasel (Senior Lecturer, Department of Computer Science and Engineering, BRAC University) for the course named- 'Advanced Syntactic Pattern Recognition (CSE713)'.
|